000
00301nam a22001337a 4500
020
_a
978-1-84422-483-8
082
_a
823
_b
REA/L
100
_a
READER COLLIN
245
_a
BIG BANG
_b
LITTLE RED TRACTOR
260
_a
LONDON
_b
LADY BIRD
300
_a
29
650
_a
ENGLISH SHORT STORY
_z
UK
942
_c
BK
999
_c
2166
_d
2166